[Event "SWE-chT 2324 Elite"]
[Site "Sweden"]
[Date "2024.03.04"]
[Round "4.19"]
[White "Kockum, Anton Frisk"]
[Black "Bergstrom, Peter"]
[Result "1-0"]
[WhiteElo "2314"]
[BlackElo "2311"]
[PlyCount "79"]
[EventDate "2023.10.13"]
[EventType "team-tourn"]
[EventRounds "9"]
[EventCountry "SWE"]
[SourceTitle "EXT 2025"]
[Source "ChessBase"]
[SourceDate "2024.10.14"]
[SourceVersion "1"]
[SourceVersionDate "2024.10.14"]
[SourceQuality "1"]
[WhiteTeam "Orgryte"]
[BlackTeam "Vasteras"]
[WhiteTeamCountry "SWE"]
[BlackTeamCountry "SWE"]

1. d4 d5 2. c4 c6 3. Nf3 Nf6 4. Nc3 dxc4 5. e4 b5 6. Be2 e6 7. 0-0 Be7 8. a4 b4 9. e5 bxc3 10. exf6 Bxf6 11. bxc3 0-0 12. Ba3 Re8 13. Ne5 Nd7 14. Nxc4 Be7 15. Nd6 Rf8 16. Bd3 Nf6 17. Nxc8 Rxc8 18. Ba6 Rb8 19. Re1 Bxa3 20. Rxa3 Qd6 21. Ra1 c5 22. Bb5 cxd4 23. cxd4 a6 24. Bf1 Rb4 25. a5 Rxd4 26. Qe2 Ra8 27. Reb1 Nd5 28. Rb7 Rb4 29. Rxb4 Qxb4 30. Qe5 h6 31. g3 Qd2 32. h4 Qb4 33. Bd3 Qd2 34. Qe4 g6 35. h5 Qb4 36. hxg6 Qxe4 37. gxf7+ Kxf7 38. Bxe4 Rd8 39. Rc1 Rd6 40. Rc8 1-0

[Event "SWE-chT 2324 Elite"]
[Site "Sweden"]
[Date "2023.10.13"]
[Round "1.5"]
[White "Seo, Jung Min"]
[Black "Kockum, Anton Frisk"]
[Result "1-0"]
[WhiteElo "2466"]
[BlackElo "2324"]
[PlyCount "71"]
[EventDate "2023.10.13"]
[EventType "team-tourn"]
[EventRounds "9"]
[EventCountry "SWE"]
[SourceTitle "CBM 216 Extra"]
[Source "ChessBase"]
[SourceDate "2023.11.30"]
[SourceVersion "1"]
[SourceVersionDate "2023.11.30"]
[SourceQuality "1"]
[WhiteTeam "Stockholm Rockaden"]
[BlackTeam "Orgryte"]
[WhiteTeamCountry "SWE"]
[BlackTeamCountry "SWE"]

1. d4 f5 2. g3 Nf6 3. Bg2 g6 4. Nd2 d5 5. Nh3 Bg7 6. 0-0 0-0 7. Nf4 c5 8. c4 cxd4 9. cxd5 g5 10. Ne6 Bxe6 11. dxe6 Nc6 12. Nb3 h6 13. Qd3 Ng4 14. Qb5 Qb6 15. a4 f4 16. Nc5 Nge5 17. Ra3 Rad8 18. Kh1 Na5 19. gxf4 gxf4 20. Nd7 Nxd7 21. exd7 Qc7 22. Bh3 Kh8 23. Rg1 Nc4 24. Rb3 Nd6 25. Qd5 Qc6 26. Qxc6 bxc6 27. Bd2 Nc4 28. Bb4 Bf6 29. Bc5 Nd2 30. Rb7 Ne4 31. Bxa7 Rg8 32. Rg2 f3 33. exf3 d3 34. fxe4 d2 35. Rxg8+ Rxg8 36. Bg4 1-0

[Event "Deltalift op"]
[Site "Tylosand"]
[Date "2023.05.19"]
[Round "5"]
[White "Andersson, Robert"]
[Black "Kockum, Anton Frisk"]
[Result "0-1"]
[WhiteElo "2085"]
[BlackElo "2338"]
[PlyCount "98"]
[EventDate "2023.05.18"]
[EventType "swiss"]
[EventRounds "8"]
[EventCountry "SWE"]
[SourceTitle "CBM 214 Extra"]
[Source "ChessBase"]
[SourceDate "2023.07.31"]
[SourceVersion "1"]
[SourceVersionDate "2023.07.31"]
[SourceQuality "1"]

1. c4 c5 2. Nf3 Nc6 3. d4 cxd4 4. Nxd4 Nf6 5. Nc3 g6 6. e4 Bg7 7. Be3 0-0 8. Be2 d6 9. 0-0 Bd7 10. Qd2 Nxd4 11. Bxd4 Bc6 12. f3 a5 13. b3 Nd7 14. Bf2 f5 15. exf5 gxf5 16. Rae1 Kh8 17. Nd5 e5 18. Be3 f4 19. Bf2 Rg8 20. Kh1 Bf6 21. Rg1 Bh4 22. g3 fxg3 23. Bxg3 Nc5 24. Bd1 Bxg3 25. Rxg3 Qh4 26. Reg1 Rxg3 27. Rxg3 Rg8 28. Rxg8+ Kxg8 29. Qxa5 Bxd5 30. cxd5 Qf2 31. Qd8+ Kf7 32. Qc7+ Ke8 33. Qc8+ Ke7 34. Qg4 h5 35. Qg7+ Kd8 36. Qg2 Qe1+ 37. Qg1 Qd2 38. h4 Nd3 39. Qg5+ Qxg5 40. hxg5 Nf2+ 41. Kg2 Nxd1 42. f4 exf4 43. Kf3 Nc3 44. g6 Ke7 45. Kxf4 Nxd5+ 46. Kg5 Nf6 47. a4 d5 48. a5 d4 49. Kf4 h4 0-1

[Event "Skara Vastgota op"]
[Site "Skara"]
[Date "2023.02.19"]
[Round "9"]
[White "Kockum, Anton Frisk"]
[Black "Miezis, Normunds"]
[Result "0-1"]
[WhiteElo "2329"]
[BlackElo "2427"]
[PlyCount "90"]
[EventDate "2023.02.18"]
[EventType "swiss"]
[EventRounds "9"]
[EventCountry "SWE"]
[SourceTitle "CBM 212 Extra"]
[Source "ChessBase"]
[SourceDate "2023.03.31"]
[SourceVersion "1"]
[SourceVersionDate "2023.03.31"]
[SourceQuality "1"]

1. d4 Nf6 2. Nf3 e6 3. c4 Bb4+ 4. Bd2 a5 5. Nc3 0-0 6. Bg5 d5 7. e3 b6 8. cxd5 exd5 9. Bd3 Bb7 10. Ne5 h6 11. Bh4 Be7 12. 0-0 Nfd7 13. Bg3 Nxe5 14. Bxe5 Nd7 15. Bg3 Nf6 16. Rc1 c5 17. Bb1 Ne4 18. Nxe4 dxe4 19. dxc5 Bxc5 20. Qa4 Re8 21. a3 Qf6 22. Qb3 a4 23. Qc3 Qxc3 24. Rxc3 Red8 25. Rfc1 Rd2 26. R3c2 Rad8 27. Rxd2 Rxd2 28. Be5 f5 29. Ba2+ Kf8 30. Be6 g6 31. g4 fxg4 32. Bc3 Rd3 33. Bxg4 Rxe3 34. Bd2 Rb3 35. Bxh6+ Kf7 36. Rc2 Kf6 37. Bc1 Ba6 38. Bd2 Bd3 39. Rc1 Kf7 40. Be3 Bxe3 41. fxe3 Rxb2 42. Bd7 b5 43. Rc7 Kf6 44. Be8 g5 45. Rc5 b4 0-1

[Event "Skara Vastgota op"]
[Site "Skara"]
[Date "2023.02.18"]
[Round "1"]
[White "Kockum, Anton Frisk"]
[Black "Johansson, Per1"]
[Result "1-0"]
[WhiteElo "2329"]
[BlackElo "1739"]
[PlyCount "69"]
[EventDate "2023.02.18"]
[EventType "swiss"]
[EventRounds "9"]
[EventCountry "SWE"]
[SourceTitle "CBM 212 Extra"]
[Source "ChessBase"]
[SourceDate "2023.03.31"]
[SourceVersion "1"]
[SourceVersionDate "2023.03.31"]
[SourceQuality "1"]

1. d4 Nf6 2. c4 Nc6 3. Nf3 e6 4. Nc3 Bb4 5. Bd2 0-0 6. e3 b6 7. Bd3 Bb7 8. 0-0 Be7 9. e4 d6 10. a3 a5 11. h3 Nd7 12. Be3 e5 13. d5 Ncb8 14. b4 Re8 15. Qd2 Nf8 16. c5 bxc5 17. bxc5 Ba6 18. c6 Bxd3 19. Qxd3 Ng6 20. g3 Qc8 21. Kg2 Rf8 22. Rab1 f5 23. exf5 Qxf5 24. Qxf5 Rxf5 25. Rb7 Bd8 26. Nd2 Na6 27. Nde4 h6 28. Rfb1 Rf7 29. R1b5 a4 30. Ra5 Ne7 31. Rxa4 Nc8 32. Nb5 Nb6 33. Bxb6 cxb6 34. Nexd6 Rf8 35. Ne4 1-0

[Event "Skara Vastgota op"]
[Site "Skara"]
[Date "2023.02.18"]
[Round "2"]
[White "Wesslen, Ulf"]
[Black "Kockum, Anton Frisk"]
[Result "0-1"]
[WhiteElo "1928"]
[BlackElo "2329"]
[PlyCount "165"]
[EventDate "2023.02.18"]
[EventType "swiss"]
[EventRounds "9"]
[EventCountry "SWE"]
[SourceTitle "CBM 212 Extra"]
[Source "ChessBase"]
[SourceDate "2023.03.31"]
[SourceVersion "1"]
[SourceVersionDate "2023.03.31"]
[SourceQuality "1"]

1. e4 e6 2. d4 d5 3. Nc3 Bb4 4. e5 Qd7 5. a3 Bxc3+ 6. bxc3 b6 7. Qg4 f5 8. Qg3 Ba6 9. Bd3 c5 10. Nh3 Bxd3 11. Qxd3 Ne7 12. a4 0-0 13. Nf4 Nbc6 14. 0-0 Ng6 15. Re1 Nxf4 16. Bxf4 Rac8 17. dxc5 bxc5 18. c4 d4 19. c3 Rb8 20. cxd4 cxd4 21. a5 Rb2 22. Bc1 Rb7 23. a6 Rb6 24. Ba3 Rc8 25. Bd6 Nb4 26. Qb3 Nxa6 27. Qa2 d3 28. h3 h6 29. Red1 Nb4 30. Qxa7 Rb7 31. Qa4 Rxc4 32. Qxd7 Rxd7 33. Ra8+ Kh7 34. Re8 Rd4 35. Rxe6 Nd5 36. Rd2 Nf4 37. Re8 Re4 38. Ra8 Re1+ 39. Kh2 Re2 40. Raa2 Re1 41. g3 Ne6 42. Rxd3 g5 43. Kg2 Rxe5 44. Bxe5 Rxd3 45. Ra7+ Kg6 46. Re7 Nc5 47. g4 fxg4 48. hxg4 h5 49. Rc7 Rd5 50. Rg7+ Kh6 51. Re7 hxg4 52. Kg3 Kh5 53. Bb8 Rd3+ 54. Kg2 Kg6 55. Ra7 Ne6 56. Ra6 Kf5 57. Kf1 Nf4 58. Ke1 g3 59. fxg3 Rxg3 60. Ra5+ Kg4 61. Kf2 Rf3+ 62. Ke1 Rb3 63. Bd6 Re3+ 64. Kf2 Re2+ 65. Kf1 Rc2 66. Be7 Nh3 67. Ra4+ Kf3 68. Ra3+ Kg4 69. Ra4+ Nf4 70. Ra5 Ne6 71. Ra4+ Kf3 72. Ra3+ Ke4 73. Ra5 g4 74. Bf6 Nf4 75. Rg5 Kf3 76. Ke1 g3 77. Kd1 Ra2 78. Rg8 g2 79. Bd4 Ra4 80. Bb6 Ra1+ 81. Kc2 Rf1 82. Kd2 Rb1 83. Kc2 0-1

[Event "Deltalift op"]
[Site "Tylosand"]
[Date "2022.05.27"]
[Round "5"]
[White "Hector, Jonny"]
[Black "Kockum, Anton Frisk"]
[Result "0-1"]
[WhiteElo "2445"]
[BlackElo "2341"]
[PlyCount "80"]
[EventDate "2022.05.26"]
[EventType "swiss"]
[EventRounds "8"]
[EventCountry "SWE"]
[SourceTitle "CBM 208 Extra"]
[Source "ChessBase"]
[SourceDate "2022.07.31"]
[SourceVersion "1"]
[SourceVersionDate "2022.07.31"]
[SourceQuality "1"]

1. e4 e6 2. d4 d5 3. Nc3 Bb4 4. a3 Bxc3+ 5. bxc3 dxe4 6. Qg4 Nf6 7. Qxg7 Rg8 8. Qh6 Rg6 9. Qd2 b6 10. Ne2 Ba6 11. Nf4 Rg8 12. Bxa6 Nxa6 13. 0-0 Qd6 14. f3 exf3 15. Rxf3 0-0-0 16. Qe2 Nb8 17. Nd3 Nbd7 18. Bf4 Qc6 19. Nb4 Qb7 20. Raf1 Ne4 21. Na6 c5 22. Re3 f5 23. Nc7 e5 24. Nb5 a6 25. Rxe4 axb5 26. Rxe5 Nxe5 27. Bxe5 Qe4 28. Qf2 Kb7 29. Re1 Qd5 30. g3 Rgf8 31. Qf4 cxd4 32. Bxd4 Rde8 33. Rb1 Re2 34. Qf1 Qe4 35. Bf2 f4 36. g4 Rd8 37. Rxb5 Rxf2 38. Kxf2 Rd2+ 39. Kg1 Qe3+ 40. Kh1 Rf2 0-1

[Event "Deltalift op"]
[Site "Tylosand"]
[Date "2022.05.26"]
[Round "4"]
[White "Kockum, Anton Frisk"]
[Black "Johnson, Daniel"]
[Result "1-0"]
[WhiteElo "2341"]
[BlackElo "2208"]
[PlyCount "93"]
[EventDate "2022.05.26"]
[EventType "swiss"]
[EventRounds "8"]
[EventCountry "SWE"]
[SourceTitle "CBM 208 Extra"]
[Source "ChessBase"]
[SourceDate "2022.07.31"]
[SourceVersion "1"]
[SourceVersionDate "2022.07.31"]
[SourceQuality "1"]

1. d4 d5 2. Nf3 Nf6 3. c4 e6 4. Nc3 Bb4 5. Bg5 h6 6. Bxf6 Qxf6 7. e3 0-0 8. Rc1 dxc4 9. Bxc4 c5 10. 0-0 cxd4 11. Ne4 Qf5 12. Ng3 Qa5 13. a3 Be7 14. exd4 Rd8 15. Qb3 a6 16. Qa2 Nc6 17. Rfd1 Bd7 18. d5 exd5 19. Bxd5 Be8 20. b4 Qb6 21. Re1 Qc7 22. Ne5 Bd6 23. f4 Qb6+ 24. Kh1 Bxe5 25. fxe5 Qd4 26. Rcd1 Qg4 27. e6 Qg6 28. Rf1 Rxd5 29. Qxd5 fxe6 30. Qe4 Qxe4 31. Nxe4 e5 32. Nd6 Bh5 33. Rc1 Rb8 34. Rfe1 Bf7 35. Kg1 Bd5 36. Rc5 Bb3 37. Re3 Ba4 38. Nc4 Rd8 39. Nxe5 Nxe5 40. Rcxe5 Bc6 41. Kf2 Rd2+ 42. Re2 Rd3 43. R5e3 Rd1 44. h4 h5 45. Re5 g6 46. Re6 Kf7 47. Re7+ 1-0

[Event "Gothenburg op"]
[Site "Gothenburg"]
[Date "2019.08.18"]
[Round "7"]
[White "Golubka, Petr"]
[Black "Kockum, Anton Frisk"]
[Result "1-0"]
[WhiteElo "2479"]
[BlackElo "2367"]
[PlyCount "73"]
[EventDate "2019.08.16"]
[EventType "swiss"]
[EventRounds "8"]
[EventCountry "SWE"]
[SourceTitle "CBM 191 Extra"]
[Source "ChessBase"]
[SourceDate "2019.09.30"]
[SourceVersion "1"]
[SourceVersionDate "2019.09.30"]
[SourceQuality "1"]

1. d4 f5 2. Nc3 d5 3. Nf3 Nf6 4. Bf4 e6 5. e3 Bd6 6. Bd3 0-0 7. 0-0 Bd7 8. Ne2 Be8 9. Ng3 Ne4 10. c4 c6 11. Qb3 b6 12. Rfc1 h6 13. a4 g5 14. Bxd6 Nxd6 15. Ne5 a5 16. Ne2 Ra7 17. Rc3 Rg7 18. Rac1 f4 19. cxd5 cxd5 20. e4 f3 21. gxf3 g4 22. exd5 gxf3+ 23. Ng3 exd5 24. Qxd5+ Bf7 25. Qxf3 Be6 26. Qe3 Qf6 27. Rc7 Bd5 28. Rxg7+ Qxg7 29. Bg6 Nf5 30. Nxf5 Rxf5 31. Qg3 Rf8 32. Rc7 Qxc7 33. Bf7+ Kh8 34. Ng6+ Kg7 35. Qxc7 Rxf7 36. Qxb8 Kxg6 37. Qd6+ 1-0

[Event "Gothenburg op"]
[Site "Gothenburg"]
[Date "2019.08.16"]
[Round "3"]
[White "Blomqvist, Erik"]
[Black "Kockum, Anton Frisk"]
[Result "0-1"]
[WhiteElo "2507"]
[BlackElo "2367"]
[PlyCount "148"]
[EventDate "2019.08.16"]
[EventType "swiss"]
[EventRounds "8"]
[EventCountry "SWE"]
[SourceTitle "CBM 191 Extra"]
[Source "ChessBase"]
[SourceDate "2019.09.30"]
[SourceVersion "1"]
[SourceVersionDate "2019.09.30"]
[SourceQuality "1"]

1. e4 e6 2. d4 d5 3. e5 c5 4. c3 Nc6 5. Nf3 Bd7 6. Be2 Nge7 7. 0-0 Nf5 8. dxc5 Bxc5 9. Bd3 Nh4 10. Re1 f5 11. Nbd2 0-0 12. b4 Bb6 13. a4 Rc8 14. Qe2 Be8 15. Nxh4 Qxh4 16. Nf3 Qg4 17. h3 Qh5 18. Be3 Bxe3 19. Qxe3 f4 20. Qd2 Bg6 21. Bxg6 Qxg6 22. a5 a6 23. Rac1 Ne7 24. Kh2 Rc4 25. Qb2 Rfc8 26. b5 Qe8 27. Nd4 Ng6 28. bxa6 bxa6 29. Qb6 Nf8 30. Qxa6 Ra8 31. Qb6 Ra4 32. Ra1 R8xa5 33. Rxa4 Rxa4 34. Rb1 Ra8 35. Rb4 h6 36. c4 dxc4 37. Rxc4 Rb8 38. Qa7 Ra8 39. Qb7 Rb8 40. Qe4 Qf7 41. Nc6 Rb2 42. Qd4 Re2 43. Rc3 Ra2 44. Nb4 Ra8 45. Qe4 Rb8 46. Nd3 Ng6 47. Nc5 Rb2 48. Qd4 Qf5 49. Nd3 Rb8 50. Rc7 Rf8 51. Ne1 Qxe5 52. Qxe5 Nxe5 53. Re7 Rf6 54. Nc2 Kf8 55. Ra7 Nc6 56. Rc7 e5 57. h4 e4 58. Kh3 h5 59. g3 e3 60. fxe3 f3 61. e4 f2 62. Ne3 Ne5 63. Kg2 Ng4 64. Nf1 Re6 65. Rc5 g6 66. Kf3 Kf7 67. Ra5 Rb6 68. Ra1 Ke6 69. Rd1 Rb2 70. Kg2 Ke5 71. Kf3 Rb3+ 72. Kg2 Ra3 73. Nd2 Ne3+ 74. Kh2 Nxd1 0-1

[Event "Lund CellaVision Cup"]
[Site "Lund"]
[Date "2017.08.04"]
[Round "3"]
[White "Ghosh, Diptayan"]
[Black "Kockum, Anton Frisk"]
[Result "1-0"]
[WhiteElo "2562"]
[BlackElo "2365"]
[PlyCount "55"]
[EventDate "2017.08.04"]
[EventType "swiss"]
[EventRounds "8"]
[EventCountry "SWE"]
[SourceTitle "CBM 180 Extra"]
[Source "ChessBase"]
[SourceDate "2017.10.06"]
[SourceVersion "1"]
[SourceVersionDate "2017.10.06"]
[SourceQuality "1"]

1. d4 e6 2. c4 Nf6 3. Nf3 Bb4+ 4. Bd2 c5 5. Bxb4 cxb4 6. g3 0-0 7. Bg2 d6 8. 0-0 Nc6 9. a3 bxa3 10. Rxa3 e5 11. Nc3 Bg4 12. dxe5 dxe5 13. h3 Be6 14. Qa4 Nd7 15. Rd1 Qe7 16. Nd5 Qc5 17. Ng5 Rad8 18. Ne4 Bxd5 19. cxd5 Qb4 20. dxc6 Qxa4 21. Rxa4 bxc6 22. Rxa7 Nb6 23. Rxd8 Rxd8 24. g4 h6 25. Rc7 Nc4 26. b3 Rd1+ 27. Kh2 Nd2 28. Nxd2 1-0

[Event "Deltalift op"]
[Site "Tylosand"]
[Date "2016.05.05"]
[Round "3"]
[White "Kockum, Anton Frisk"]
[Black "Grueso Cordoba, Santiago"]
[Result "1-0"]
[WhiteElo "2382"]
[BlackElo "1989"]
[PlyCount "91"]
[EventDate "2016.05.05"]
[EventType "swiss"]
[EventRounds "8"]
[EventCountry "SWE"]
[SourceTitle "CBM 172 Extra"]
[Source "ChessBase"]
[SourceDate "2016.06.21"]
[SourceVersion "1"]
[SourceVersionDate "2016.06.21"]
[SourceQuality "1"]

1. d4 Nf6 2. c4 g6 3. Nc3 Bg7 4. e4 d6 5. Nf3 0-0 6. Be2 e5 7. 0-0 Nc6 8. d5 Ne7 9. Ne1 Nd7 10. Nd3 f5 11. Bd2 Nf6 12. f3 f4 13. g4 g5 14. c5 Bd7 15. Qb3 Rb8 16. Rac1 h5 17. h3 Ne8 18. Kg2 Rf7 19. Nb5 Nc8 20. Na3 Ne7 21. Nc4 b6 22. cxd6 cxd6 23. Qa3 Nc8 24. Nb4 Qf6 25. Rc2 Bf8 26. Qd3 Ne7 27. Na3 Rh7 28. Rcc1 Qh8 29. Rh1 a5 30. Nc6 Bxc6 31. dxc6 hxg4 32. hxg4 Rxh1 33. Qb3+ d5 34. Rxh1 Qf6 35. exd5 Nd6 36. Nc4 b5 37. Nxd6 Qxd6 38. Bxb5 Kg7 39. a4 Nxd5 40. Qd3 Nf6 41. Qxd6 Bxd6 42. Bxa5 Ne8 43. Rd1 Kf8 44. Rxd6 Nxd6 45. Bc7 Rxb5 46. Bxd6+ 1-0

[Event "Lund CellaVision Cup"]
[Site "Lund"]
[Date "2015.08.09"]
[Round "8"]
[White "Kockum, Anton Frisk"]
[Black "Johannessen, Leif Erlend"]
[Result "1-0"]
[WhiteElo "2358"]
[BlackElo "2517"]
[PlyCount "101"]
[EventDate "2015.08.07"]
[EventType "swiss"]
[EventRounds "8"]
[EventCountry "SWE"]
[SourceTitle "CBM 167 Extra"]
[Source "ChessBase"]
[SourceDate "2015.09.14"]
[SourceVersion "1"]
[SourceVersionDate "2015.09.14"]
[SourceQuality "1"]

1. d4 d5 2. Nf3 c6 3. c4 e6 4. Nc3 dxc4 5. a4 Bb4 6. e3 b5 7. Bd2 a5 8. Rb1 Ba6 9. Ne5 Qb6 10. Qg4 Bf8 11. Be2 Nf6 12. Qh4 Be7 13. 0-0 0-0 14. Rfc1 b4 15. Nxc4 Bxc4 16. Bxc4 bxc3 17. bxc3 Qd8 18. e4 c5 19. e5 Nd5 20. Qg4 Kh8 21. Bd3 Nc6 22. Qe4 g6 23. Bb5 Na7 24. Bh6 Rg8 25. Ba6 Rb8 26. Qf3 Bf8 27. Bd2 cxd4 28. cxd4 Rxb1 29. Rxb1 Bb4 30. Bxb4 Nxb4 31. Qxf7 Nac6 32. Qxe6 Nxd4 33. Qc4 Re8 34. Re1 Ndc2 35. Re4 Qd1+ 36. Qf1 Qd5 37. Qb5 Qd1+ 38. Qf1 Qxf1+ 39. Bxf1 Kg7 40. f4 Rd8 41. Rc4 Ne3 42. Rc7+ Kh6 43. Be2 Rd2 44. Bf3 Nf5 45. g4 g5 46. gxf5 gxf4 47. f6 Nd3 48. e6 Ne5 49. Be4 f3 50. f7 Kg7 51. Rc8 1-0

[Event "Vaxjo op"]
[Site "Vaxjo"]
[Date "2015.02.13"]
[Round "4"]
[White "Johansson, Carl Fredrik"]
[Black "Kockum, Anton Frisk"]
[Result "1/2-1/2"]
[WhiteElo "2160"]
[BlackElo "2375"]
[PlyCount "46"]
[EventDate "2015.02.13"]
[EventType "swiss"]
[EventRounds "8"]
[EventCountry "SWE"]
[SourceTitle "CBM 164 Extra"]
[Source "ChessBase"]
[SourceDate "2015.03.02"]
[SourceVersion "1"]
[SourceVersionDate "2015.03.02"]
[SourceQuality "1"]

1. d4 e6 2. c4 Nf6 3. Nc3 Bb4 4. f3 c5 5. d5 exd5 6. cxd5 d6 7. Bg5 Nbd7 8. e4 0-0 9. Nh3 h6 10. Bf4 Qe7 11. Be2 Ne5 12. Nf2 Bd7 13. 0-0 Rae8 14. h3 Nh5 15. Bh2 Qh4 16. Ng4 f5 17. exf5 Ng3 18. Bxg3 Qxg3 19. Ne4 Qh4 20. Nxd6 Nxg4 21. fxg4 Re3 22. Nc4 Rxh3 23. gxh3 Qg3+ 1/2-1/2

[Event "Vaxjo op"]
[Site "Vaxjo"]
[Date "2015.02.13"]
[Round "1"]
[White "Kockum, Anton Frisk"]
[Black "Bragesjo, Tomas"]
[Result "1-0"]
[WhiteElo "2375"]
[BlackElo "1900"]
[PlyCount "113"]
[EventDate "2015.02.13"]
[EventType "swiss"]
[EventRounds "8"]
[EventCountry "SWE"]
[SourceTitle "CBM 164 Extra"]
[Source "ChessBase"]
[SourceDate "2015.03.02"]
[SourceVersion "1"]
[SourceVersionDate "2015.03.02"]
[SourceQuality "1"]

1. d4 Nf6 2. Nf3 e6 3. c4 Bb4+ 4. Bd2 c5 5. Bxb4 cxb4 6. g4 0-0 7. Rg1 d6 8. g5 Nfd7 9. Nbd2 Qe7 10. Qc2 e5 11. 0-0-0 Nc6 12. e3 f5 13. gxf6 Nxf6 14. Bd3 a5 15. d5 Nb8 16. Ng5 h6 17. Nh7 Nxh7 18. Bxh7+ Kh8 19. Ne4 Nd7 20. Rg3 Nf6 21. Nxf6 Qxf6 22. Rdg1 Rf7 23. Bg6 Rc7 24. Bd3 b5 25. Rg6 Qf8 26. b3 bxc4 27. bxc4 Ba6 28. Qe2 Rac8 29. R1g4 Rf7 30. f3 Rf6 31. Rxg7 Qxg7 32. Rxg7 Kxg7 33. Kb2 Rcf8 34. Be4 Bc8 35. c5 dxc5 36. Qb5 Bf5 37. Qxc5 Bxe4 38. fxe4 R8f7 39. Qxa5 Rd7 40. Kb3 Rf3 41. Qb6 Rff7 42. Qe6 Rfe7 43. Qg4+ Kh7 44. Kxb4 Rb7+ 45. Kc4 Rec7+ 46. Kd3 Ra7 47. Qf5+ Kg8 48. Qg6+ Rg7 49. Qe6+ Kh7 50. Qf5+ Kg8 51. Qxe5 Rxa2 52. d6 Rga7 53. Qe6+ Kg7 54. d7 R7a3+ 55. Kd4 Ra4+ 56. Ke5 Ra5+ 57. Kf4 1-0

[Event "Malmo op"]
[Site "Malmo"]
[Date "2014.12.13"]
[Round "3"]
[White "Jogstad, Martin"]
[Black "Kockum, Anton Frisk"]
[Result "0-1"]
[WhiteElo "1907"]
[BlackElo "2362"]
[PlyCount "128"]
[EventDate "2014.12.12"]
[EventType "swiss"]
[EventRounds "7"]
[EventCountry "SWE"]
[SourceTitle "EXT 2016"]
[Source "ChessBase"]
[SourceDate "2015.10.08"]
[SourceVersion "1"]
[SourceVersionDate "2015.10.08"]
[SourceQuality "1"]

1. c4 c5 2. g3 Nc6 3. Bg2 d6 4. Nc3 Bd7 5. e4 g6 6. d3 Bg7 7. Nge2 Qc8 8. h3 Rb8 9. f4 a6 10. a4 Nd4 11. Nxd4 Bxd4 12. Nd5 Bc6 13. Nb6 Qd8 14. a5 Nf6 15. Bd2 Bxb2 16. Rb1 Bd4 17. Qf3 e6 18. Be3 Bc3+ 19. Bd2 Bxd2+ 20. Kxd2 Nd7 21. h4 h5 22. g4 hxg4 23. Qxg4 Nf6 24. Qg5 Nh5 25. Bf3 Qe7 26. Rbg1 Qf6 27. Qxf6 Nxf6 28. h5 gxh5 29. Bxh5 Ke7 30. Bf3 Rbg8 31. Rxg8 Rxg8 32. Ke3 Nd7 33. Nxd7 Kxd7 34. Rd1 Kc7 35. d4 cxd4+ 36. Kxd4 Rg3 37. Ke3 Rh3 38. Rf1 f5 39. Kd4 Rh4 40. Rg1 Rxf4 41. Rg7+ Kb8 42. Ke3 e5 43. Rg6 Bxe4 44. Bxe4 Rxe4+ 45. Kd3 Rd4+ 46. Kc3 f4 47. Rf6 Kc7 48. Kb3 Kc6 49. Kb4 Rd3 50. c5 Rd4+ 51. Kc3 Kxc5 52. Rf7 Kc6 53. Rf6 Ra4 54. Kb3 Rxa5 55. Kb4 Rc5 56. Kb3 Kd5 57. Kb4 Rc6 58. Rf7 b5 59. Ka5 Ke4 60. Rd7 f3 61. Rf7 d5 62. Rd7 f2 63. Rf7 Ke3 64. Rf6 Rxf6 0-1

[Event "SWE-chT 1415 Elite"]
[Site "Sweden"]
[Date "2014.11.21"]
[Round "1"]
[White "Kockum, Anton Frisk"]
[Black "Cramling, Pia"]
[Result "0-1"]
[WhiteElo "2362"]
[BlackElo "2518"]
[PlyCount "68"]
[EventDate "2014.11.21"]
[EventType "team-tourn"]
[EventRounds "9"]
[EventCountry "SWE"]
[SourceTitle "EXT 2016"]
[Source "ChessBase"]
[SourceDate "2015.10.08"]
[SourceVersion "1"]
[SourceVersionDate "2015.10.08"]
[SourceQuality "1"]
[WhiteTeam "Orgryte"]
[BlackTeam "Stockholm Viking"]
[WhiteTeamCountry "SWE"]
[BlackTeamCountry "SWE"]

1. d4 Nf6 2. c4 e6 3. Nf3 Bb4+ 4. Bd2 a5 5. Nc3 b6 6. g3 Bb7 7. Bg2 0-0 8. 0-0 d6 9. b3 Nbd7 10. a3 Bxc3 11. Bxc3 Be4 12. a4 c6 13. Bb2 Qc7 14. Rc1 Qb7 15. Ba3 c5 16. Ne1 Bxg2 17. Nxg2 Rfd8 18. Rc3 cxd4 19. Qxd4 Nc5 20. Rd1 h6 21. Rf3 Nce4 22. Qa1 d5 23. Ne3 dxc4 24. h4 cxb3 25. Nc4 Qc6 26. Rc1 Qe8 27. Rxb3 Qxa4 28. Rxb6 Nd5 29. Rb7 Ndc3 30. Nb6 Qc6 31. Nxa8 Qxb7 32. Rxc3 Nxc3 33. Qxc3 Rd1+ 34. Kh2 Rh1# 0-1

[Event "Vasteras op"]
[Site "Vasteras"]
[Date "2014.09.28"]
[Round "7"]
[White "Kunin, Vitaly L"]
[Black "Kockum, Anton Frisk"]
[Result "1-0"]
[WhiteElo "2580"]
[BlackElo "2371"]
[PlyCount "105"]
[EventDate "2014.09.26"]
[EventType "swiss"]
[EventRounds "8"]
[EventCountry "SWE"]
[SourceTitle "CBM 162 Extra"]
[Source "ChessBase"]
[SourceDate "2014.10.17"]
[SourceVersion "1"]
[SourceVersionDate "2014.10.17"]
[SourceQuality "1"]

1. d4 Nf6 2. Nf3 e6 3. g3 b5 4. Bg2 d5 5. 0-0 Be7 6. b3 Nbd7 7. c4 c6 8. Qc2 0-0 9. Nbd2 Ba6 10. c5 b4 11. Re1 Bb5 12. a4 bxa3 13. Nb1 Ne4 14. Nxa3 a6 15. Bb2 Qc7 16. Ra2 f5 17. Rea1 Qb7 18. Nc4 Rab8 19. Nce5 Nxe5 20. Nxe5 Bf6 21. Bc1 Qc8 22. Be3 Qe8 23. Qc1 Bd8 24. f3 Nf6 25. Bf4 Rb7 26. Qc2 Nh5 27. Be3 f4 28. Bf2 Bc7 29. Re1 g6 30. e4 fxg3 31. hxg3 Bxe5 32. dxe5 Rd7 33. exd5 Rxd5 34. Raa1 Qd7 35. Rad1 Rd8 36. Rxd5 Qxd5 37. b4 Qd2 38. Qb3 Qd5 39. Qe3 Qd2 40. Qb3 Qd5 41. Qe3 Qd2 42. Qe4 Qd3 43. Qh4 Rd7 44. f4 Ng7 45. Qh1 Qb3 46. Bxc6 Rd8 47. Bxb5 axb5 48. Qb7 Qxb4 49. c6 Qc3 50. c7 Rf8 51. Rd1 g5 52. Rd8 Qc1+ 53. Kg2 1-0

[Event "Deltalift op"]
[Site "Halmstad"]
[Date "2014.05.30"]
[Round "6"]
[White "Rahul, Kumar Pune"]
[Black "Kockum, Anton Frisk"]
[Result "0-1"]
[WhiteElo "2169"]
[BlackElo "2326"]
[PlyCount "116"]
[EventDate "2014.03.29"]
[EventType "swiss"]
[EventRounds "8"]
[EventCountry "SWE"]
[SourceTitle "EXT 2015"]
[Source "ChessBase"]
[SourceDate "2014.11.20"]
[SourceVersion "1"]
[SourceVersionDate "2014.11.20"]
[SourceQuality "1"]

1. e4 c5 2. Nf3 Nc6 3. c3 d5 4. e5 Bg4 5. Bb5 Qb6 6. Bxc6+ Qxc6 7. d4 Bxf3 8. gxf3 e6 9. Bg5 Ne7 10. Bxe7 Bxe7 11. 0-0 0-0 12. f4 f6 13. Qg4 fxe5 14. fxe5 Rf5 15. Kh1 Raf8 16. Nd2 cxd4 17. cxd4 Rf4 18. Qh3 Rxd4 19. Rac1 Qb6 20. Rc2 Rdf4 21. Nb3 d4 22. Qd3 Qd8 23. Qc4 Qd7 24. Rd1 Rd8 25. f3 Qd5 26. Qxd5 Rxd5 27. Rc8+ Kf7 28. Kg2 Rxe5 29. Kg3 Bd6 30. Kf2 Rh5 31. Kg2 Rfh4 32. h3 Rxh3 33. Rxd4 Rh2+ 34. Kf1 Rxb2 35. Nd2 Rh1+ 36. Ke2 Rh2+ 37. Ke3 Rbxd2 38. Rxd2 Bf4+ 39. Kxf4 Rxd2 40. Rc7+ Kf6 41. Rxb7 Rxa2 42. Kg4 a5 43. Ra7 a4 44. Kf4 a3 45. Kg3 Ra1 46. Kf2 h5 47. f4 a2 48. Kg2 Kf5 49. Rf7+ Ke4 50. Ra7 Kxf4 51. Ra4+ Kf5 52. Kh2 e5 53. Ra7 g5 54. Rf7+ Ke4 55. Ra7 h4 56. Ra3 g4 57. Ra4+ Kf5 58. Ra8 g3+ 0-1